Statistics for Technology by Letter: Y

Click here to take the quiz!

General Stats

  • This quiz has been taken 12 times
  • The average score is 3 of 8

Answer Stats

HintAnswer% Correct
US internet giantYahoo!
92%
Pull this to pull the ploughYoke
42%
Worldwide computer bug in 1999Y2K
33%
Type of TV antennaYagi
25%
Another US internet giantYouTube
25%
Russian internet giantYandex
17%
Measure of a material's stiffnessYoung's modulus
17%
Japanese radio makerYaesu
0%

Score Distribution

Percentile by Number Answered

Percent of People with Each Score

Your Score History

You have not taken this quiz